Sonáta pro violu a klavír

Hlavní autor: Feld, Jindřich, 1925-2007
Jazyk: Nelze použít, není lingvistický obsah
Vydáno: Praha : Český hudební fond, 1957
Fyzický popis: 13, 35 s.
Hudebniny Hudebniny
Uloženo v:
LEADER 00819ncm a22002292a 4500
001 001208085
003 CZ BrMZK
005 20181119112009.0
007 qu
008 980105s1957 xr f zxx d
040 |a BOA001  |b cze 
072 7 |a 787  |x Hudba pro strunné a smyčcové nástroje  |2 Konspekt  |9 9 
100 1 |a Feld, Jindřich,  |d 1925-2007  |7 jn19990209179  |4 cmp 
245 1 0 |a Sonáta pro violu a klavír  |h [hudebnina] /  |c Jindřich Feld 
260 |a Praha :  |b Český hudební fond,  |c 1957 
300 |a 13, 35 s. 
500 |a Rozmnoženo 
910 |a BOA001  |b Mus4-0382.525 
990 |a MU 
991 |b 201204 
996 6 |b 2619620342  |c Mus4-0382.525  |l MZK  |r Sklad / do 1 hodiny  |n 0  |w 001241719  |u 000020  |a 1  |e BOA001  |j MZK50  |s P 
996 7 |b 2619620343  |c Mus4-0382.525  |l MZK  |r Sklad / do 1 hodiny  |n 0  |w 001241719  |u 000010  |a 1  |e BOA001  |j MZK50  |s A